01183nam a2200253 a 450000100100000000500170001000800410002704000250006808200170009311101510011024500500026126000370031130000360034849000190038459000260040365000740042965000700050365000750057371000850064883000260073391000380075995201150079799900170091200002701020250502073820.0110328s1979 dr ac 001 0 spa d aDO-SdBNPbspacBNPHU a302.2bC749a1 aCongreso Latinoamericano sobre Aspectos Administrativos de la Informátican(2ºd5-6 abr. de 1979cSanto Domingo, República Dominicana)95410810aAspectos administrativos de la informática. aSanto Domingo :bONAP,c[1979?]. a184 P. :bil., retrs. ;c22 cm.1 aSeminario ;v1 aInventariado, 2018/BT 4aInformáticaxAdministraciónxCongresos, conferencias, etc.954109 4aPolítica de informaciónxCongresos, conferencias, etc.954110 4aInformáticaxAspectos socialesxCongresos, conferencias, etc.95411112aRepública Dominicana.bOficina Nacional de Administración y Personal 926398 0aSeminario ;n1937552 aValidado. Control de calidad. EMS 0010718PDaPDbPDcHDd2011-03-28iLF1l0o302.2 C749ap27010-10r2020-06-25w2020-06-25yLFPDZNo se presta c26502d26502